[Event "XXXI C.to Italiano seniores"]
[Site "Arvier ITA"]
[Date "2009.04.25"]
[Round "2"]
[White "Fisauli, Francesco"]
[Black "Piazza, Giacomo"]
[Result "1-0"]
[WhiteElo "1832"]
[BlackElo "1441"]
[PlyCount "101"]
[EventDate "2009.04.24"]

1. e4 e5 2. Nf3 Nc6 3. Nc3 Bc5 4. a3 a6 5. b4 Ba7 6. Bc4 Nf6 7. O-O O-O 8. d3
d6 9. Bg5 h6 10. Bh4 Bg4 11. Nd5 g5 12. Bg3 Nh5 13. Ne3 Be6 14. Nxe5 Nxg3 15.
Nxc6 bxc6 16. hxg3 Bd4 17. Rb1 Qd7 18. Bxe6 fxe6 19. Qh5 Qh7 20. Ng4 Bg7 21. f4
gxf4 22. gxf4 Rf7 23. Rf3 d5 24. e5 Rf5 25. Qh4 Qg6 26. Rbf1 Raf8 27. Qg3 Kf7
28. Ne3 Qxg3 29. Rxg3 Rh5 30. d4 Rg8 31. f5 Rg5 32. fxe6+ Kxe6 33. Rxg5 hxg5
34. Nf5 Bf8 35. g4 Be7 36. Kg2 Kd7 37. Rh1 Re8 38. Rh7 Kd8 39. c3 Kd7 40. Rg7
Kd8 41. Kg3 Kd7 42. Nxe7 Rxe7 43. Rxg5 Rf7 44. Rf5 Rh7 45. g5 Rh1 46. Rf2 Rg1+
47. Kh4 Rh1+ 48. Kg4 Rg1+ 49. Kf5 Ke7 50. Rf3 Kf7 51. Rh3 1-0

[Event "XXXI C.to Italiano seniores"]
[Site "Arvier ITA"]
[Date "2009.04.25"]
[Round "2"]
[White "Garvani, Vittorio"]
[Black "De Polzer, Manfredi"]
[Result "0-1"]
[WhiteElo "1971"]
[BlackElo "1813"]
[PlyCount "100"]
[EventDate "2009.04.24"]

1. d4 g6 2. c4 Bg7 3. Nc3 a6 4. e4 d6 5. f4 e6 6. Nf3 Ne7 7. Bd3 Nd7 8. O-O b6
9. Qc2 Bb7 10. f5 e5 11. Be3 Nc6 12. dxe5 dxe5 13. fxg6 hxg6 14. Ng5 Bf6 15.
Qf2 Na7 16. Nd5 Bxd5 17. exd5 Nc8 18. Ne4 Rh5 19. Nxf6+ Nxf6 20. Qxf6 Qxf6 21.
Rxf6 Nd6 22. Bxb6 Ke7 23. Raf1 cxb6 24. Rxd6 Kxd6 25. Rxf7 Kc5 26. Bxg6 Rh6 27.
Bd3 Kd4 28. Bf1 b5 29. b3 Rah8 30. h3 Rg8 31. g4 Rgg6 32. Rf2 e4 33. cxb5 axb5
34. Rd2+ Ke3 35. Rc2 Kd4 36. d6 Rxd6 37. Kg2 Rd5 38. Rd2+ Ke5 39. Rxd5+ Kxd5
40. Bxb5 Rf6 41. g5 Rf5 42. h4 Kd4 43. g6 Rxb5 44. Kf2 Kd3 45. Ke1 e3 46. g7
Rc5 47. Kf1 e2+ 48. Kg2 e1=Q 49. g8=Q Rc2+ 50. Kh3 Qh1+ 0-1

[Event "XXXI C.to Italiano seniores"]
[Site "Arvier ITA"]
[Date "2009.04.25"]
[Round "2"]
[White "Giani, Franco"]
[Black "Pettarini, Renato"]
[Result "1-0"]
[WhiteElo "2004"]
[BlackElo "1738"]
[PlyCount "103"]
[EventDate "2009.04.24"]

1. e3 Nf6 2. c4 e6 3. Nc3 b6 4. Nf3 Bb7 5. Be2 d5 6. O-O Nbd7 7. d4 Be7 8. b3
O-O 9. Bb2 c5 10. h3 Rc8 11. Rc1 h6 12. Nb5 a6 13. Nc3 dxc4 14. bxc4 Qc7 15. d5
exd5 16. cxd5 b5 17. a3 Rfe8 18. e4 Bd6 19. Bd3 Bf4 20. Rb1 c4 21. Bc2 Nc5 22.
Re1 Rcd8 23. Bc1 Bxc1 24. Rxc1 Qa5 25. Re3 Bc8 26. Nd4 Bd7 27. e5 Nh7 28. h4
Qb6 29. d6 Nf8 30. Qh5 Nd3 31. Bxd3 Qxd4 32. Be2 Ng6 33. Rd1 Qxh4 34. Qxh4 Nxh4
35. Nd5 Ng6 36. f4 Bc6 37. Nc7 Rf8 38. f5 Nf4 39. g3 Nxe2+ 40. Rxe2 Bf3 41. Kf2
Bxe2 42. Kxe2 Rc8 43. Kd2 Rfd8 44. Kc3 Rd7 45. Nxa6 Ra8 46. e6 fxe6 47. fxe6
Rda7 48. d7 Rxa6 49. d8=Q+ Rxd8 50. Rxd8+ Kh7 51. e7 Rxa3+ 52. Kb2 1-0

[Event "XXXI C.to Italiano seniores"]
[Site "Arvier ITA"]
[Date "2009.04.25"]
[Round "2"]
[White "Laco, Giuseppe"]
[Black "Rossi, Giampiero"]
[Result "1-0"]
[WhiteElo "2133"]
[BlackElo "1915"]
[PlyCount "117"]
[EventDate "2009.04.24"]

1. c4 e6 2. a3 d5 3. e3 c6 4. f4 Nf6 5. Nf3 Nbd7 6. Qc2 Be7 7. Nc3 O-O 8. b4 b6
9. Bb2 Bb7 10. Be2 Rc8 11. Nd1 Qc7 12. Rc1 Qb8 13. Nf2 c5 14. b5 Rfd8 15. O-O
Nf8 16. g3 dxc4 17. Ne1 Qa8 18. Bxc4 Ne4 19. Nxe4 Bxe4 20. d3 Bd5 21. e4 Bxc4
22. dxc4 Rd7 23. Rf2 Rcd8 24. Re2 f6 25. h4 Re8 26. Kf2 Qd8 27. Nf3 g6 28. g4
Bd6 29. e5 fxe5 30. fxe5 Be7 31. g5 h6 32. Rg1 hxg5 33. hxg5 Kg7 34. Qe4 Rd3
35. Qh4 Rxf3+ 36. Kxf3 Qd3+ 37. Re3 Qf5+ 38. Qf4 Qc2 39. Rg2 Qd1+ 40. Ke4 Qb1+
41. Rd3 Rd8 42. Qe3 Nh7 43. Qe2 Nxg5+ 44. Ke3 Rxd3+ 45. Qxd3 Qe1+ 46. Qe2 Qh4
47. Qg4 Qxg4 48. Rxg4 Nf7 49. Ke4 g5 50. Rg1 Nh6 51. Rd1 Nf5 52. Rd7 g4 53.
Rxa7 Kg6 54. a4 g3 55. Kf3 Bd8 56. Rd7 Bg5 57. a5 bxa5 58. b6 g2 59. Kxg2 1-0

[Event "XXXI C.to Italiano seniores"]
[Site "Arvier ITA"]
[Date "2009.04.25"]
[Round "2"]
[White "Lisandri, Luigi"]
[Black "Centofante, Maria Rosa"]
[Result "1-0"]
[WhiteElo "1458"]
[BlackElo "1603"]
[PlyCount "99"]
[EventDate "2009.04.24"]

1. c4 c6 2. Nf3 Nf6 3. e3 d5 4. Nc3 Bg4 5. h3 Bh5 6. d3 dxc4 7. dxc4 Qxd1+ 8.
Nxd1 Bxf3 9. gxf3 e5 10. Bd2 Bc5 11. Nc3 Nbd7 12. O-O-O O-O-O 13. Rg1 g6 14.
Be2 Rhe8 15. Kb1 Kb8 16. Na4 Bf8 17. e4 Nh5 18. Be3 c5 19. Nc3 Nf4 20. Bxf4
exf4 21. Nd5 Bh6 22. Rd2 Nf8 23. Rgd1 Bg7 24. Kc1 Bd4 25. Bf1 Ne6 26. h4 h5 27.
Bh3 Be5 28. Bxe6 fxe6 29. Nc3 Rxd2 30. Rxd2 Bxc3 31. bxc3 Kc7 32. Kc2 Kc6 33.
e5 b6 34. Rd6+ Kc7 35. a4 a6 36. a5 bxa5 37. Rxa6 Kb7 38. Rxa5 Kb6 39. Ra1 Rd8
40. Rb1+ Kc6 41. Rg1 Rg8 42. Rd1 Re8 43. Rd6+ Kc7 44. Kd3 Rd8 45. Rxd8 Kxd8 46.
Ke4 Ke7 47. Kxf4 Kf7 48. Kg3 g5 49. hxg5 Kg6 50. Kh4 1-0

[Event "XXXI C.to Italiano seniores"]
[Site "Arvier ITA"]
[Date "2009.04.25"]
[Round "2"]
[White "Moretti, Mario"]
[Black "De Zaiacomo, Tonino"]
[Result "0-1"]
[WhiteElo "1500"]
[BlackElo "1787"]
[PlyCount "105"]
[EventDate "2009.04.24"]

1. e4 e5 2. Nf3 Nc6 3. Bb5 a6 4. Bxc6 dxc6 5. O-O Bd6 6. d3 Bg4 7. Be3 Nf6 8.
Nbd2 b5 9. h3 Bh5 10. Qe1 a5 11. Nh4 Bg6 12. f4 exf4 13. Bxf4 O-O 14. Kh1 Nh5
15. Bh2 Re8 16. Nxg6 fxg6 17. Rf3 Bxh2 18. Kxh2 Qd6+ 19. g3 Re5 20. Qf2 Rg5 21.
Rf1 Nf6 22. Rf4 Nh5 23. Rf3 Nf6 24. Kh1 h5 25. Rg1 Qe6 26. Qh2 Qe5 27. c3 c5
28. Rf4 Rd8 29. Nf3 Qe6 30. Nxg5 Qxa2 31. Qe2 a4 32. Rff1 Nh7 33. Nxh7 Kxh7 34.
Ra1 Qe6 35. g4 c4 36. Rad1 Rf8 37. Rdf1 Rd8 38. Rf3 h4 39. g5 cxd3 40. Rxd3 Ra8
41. Qg4 Qb3 42. Qxh4+ Kg8 43. Qf2 Rf8 44. Rf3 Rd8 45. Ra1 c6 46. e5 Qd5 47. Kg2
Qxe5 48. Re1 Qxg5+ 49. Kh2 Qd5 50. Rfe3 Qd6+ 51. Kg2 Qd5+ 52. Re4 Rf8 53. Qd4
0-1

[Event "XXXI C.to Italiano seniores"]
[Site "Arvier ITA"]
[Date "2009.04.25"]
[Round "2"]
[White "Oteri, Aldo"]
[Black "Deiana, Giacomo"]
[Result "1-0"]
[WhiteElo "1832"]
[BlackElo "1724"]
[PlyCount "63"]
[EventDate "2009.04.24"]

1. e4 c5 2. Nf3 d6 3. d4 cxd4 4. Nxd4 Nf6 5. Nc3 a6 6. Bg5 Nbd7 7. f4 Qb6 8.
Qd2 Qxb2 9. Rb1 Qa3 10. Be2 e6 11. O-O Qc5 12. Kh1 Be7 13. a4 O-O 14. f5 Ne5
15. Bxf6 Bxf6 16. fxe6 fxe6 17. Nb3 Qc7 18. Rbd1 Nc4 19. Bxc4 Qxc4 20. Ne2 Qxe4
21. Ng3 Qxa4 22. Qxd6 Qc6 23. Qxc6 bxc6 24. Na5 c5 25. Ne4 Bd4 26. Rxf8+ Kxf8
27. Nb3 Bb7 28. Nbxc5 Bxe4 29. Nxe6+ Ke7 30. Nxd4 Re8 31. c3 Kf6 32. Re1 1-0

[Event "XXXI C.to Italiano seniores"]
[Site "Arvier ITA"]
[Date "2009.04.25"]
[Round "2"]
[White "Priori, Luigi"]
[Black "Di Cicco, Daniela"]
[Result "1-0"]
[WhiteElo "1806"]
[BlackElo "1589"]
[PlyCount "67"]
[EventDate "2009.04.24"]

1. d4 d5 2. c4 Nf6 3. Nf3 h6 4. Nc3 e6 5. e3 Be7 6. Bd3 O-O 7. O-O c5 8. b3 Nc6
9. Bb2 b6 10. a3 Bb7 11. Rc1 Qd7 12. Bb1 Rab8 13. h3 Ba6 14. Re1 dxc4 15. bxc4
Bxc4 16. Qc2 cxd4 17. exd4 Nxd4 18. Nxd4 Qxd4 19. Rcd1 Qc5 20. Na4 Qb5 21. Bxf6
Qf5 22. Qxf5 exf5 23. Bxe7 Rfe8 24. Bd6 Bb3 25. Bxb8 Rxb8 26. Rd4 Be6 27. Nc3
Rc8 28. Nd5 Kf8 29. Kh2 Rc5 30. Nf4 Ke7 31. Ba2 Kf6 32. Bxe6 fxe6 33. Rxe6+ Kg5
34. Rg6+ 1-0

[Event "XXXI C.to Italiano seniores"]
[Site "Arvier ITA"]
[Date "2009.04.25"]
[Round "2"]
[White "Quagliarella, Sabino Remo"]
[Black "Barlocco, Carlo"]
[Result "0-1"]
[WhiteElo "1911"]
[BlackElo "2131"]
[PlyCount "80"]
[EventDate "2009.04.24"]

1. d4 Nc6 2. e4 d6 3. Nf3 Nf6 4. Nc3 Bg4 5. Be2 e6 6. O-O Be7 7. Be3 O-O 8. h3
Bh5 9. Nd2 Bxe2 10. Qxe2 d5 11. e5 Nd7 12. f4 Nb4 13. Nb3 a5 14. a3 a4 15. Nc1
Nc6 16. Nd3 Nb6 17. Kh1 f5 18. exf6 Bxf6 19. Ne5 Bxe5 20. fxe5 Nc4 21. Rxf8+
Qxf8 22. Rf1 Qe7 23. Nd1 Rf8 24. Rxf8+ Qxf8 25. Qf2 Nxe3 26. Qxf8+ Kxf8 27.
Nxe3 Nxd4 28. c4 c6 29. Kg1 Nf5 30. Nc2 Ke7 31. Kf2 Nh4 32. cxd5 exd5 33. Nd4
g5 34. g3 Ng6 35. Nf3 h6 36. Ke3 c5 37. h4 gxh4 38. Nxh4 Nxh4 39. gxh4 Ke6 40.
Kf4 b6 0-1

[Event "XXXI C.to Italiano seniores"]
[Site "Arvier ITA"]
[Date "2009.04.25"]
[Round "2"]
[White "Recubini, Dante"]
[Black "Fragni, Enrico"]
[Result "0-1"]
[WhiteElo "1472"]
[BlackElo "1751"]
[PlyCount "94"]
[EventDate "2009.04.24"]

1. e4 c6 2. d4 d6 3. Nc3 Nf6 4. h3 Qc7 5. Nf3 e5 6. Be2 Be7 7. Be3 Nbd7 8. Qd2
Nf8 9. a3 a5 10. Bg5 Ng6 11. g3 Bd7 12. Bxf6 Bxf6 13. Bc4 h6 14. d5 O-O 15. Qe3
b5 16. Ba2 c5 17. Qd3 Rfb8 18. Qf1 b4 19. Ne2 bxa3 20. b3 a4 21. Nc3 axb3 22.
Bxb3 Qa5 23. Kd2 Rb7 24. Qd3 Bb5 25. Qe3 Bd8 26. Kc1 c4 27. Nb1 Bb6 28. Qd2
Qxd2+ 29. Kxd2 cxb3 30. cxb3 Bxf2 31. Nxa3 Rba7 32. Nc2 Rxa1 33. Rxa1 Rxa1 34.
Nxa1 Bxg3 35. Nc2 Bf1 36. Ng1 Bf2 37. Ne3 Bb5 38. Ne2 Bxe2 39. Kxe2 Bxe3 40.
Kxe3 Kf8 41. Kd3 Ke8 42. Kc4 Kd7 43. Kb5 Kc7 44. Ka6 Ne7 45. b4 f5 46. Ka7 f4
47. b5 Nc8+ 0-1

[Event "XXXI C.to Italiano seniores"]
[Site "Arvier ITA"]
[Date "2009.04.25"]
[Round "2"]
[White "Renzini, Lorenzo"]
[Black "Bellia, Mario"]
[Result "1/2-1/2"]
[WhiteElo "1812"]
[BlackElo "1377"]
[PlyCount "115"]
[EventDate "2009.04.24"]

1. c4 Nf6 2. Nc3 e6 3. g3 Be7 4. Bg2 O-O 5. Nf3 c6 6. O-O Na6 7. d4 b6 8. d5
exd5 9. cxd5 cxd5 10. Nxd5 Nxd5 11. Qxd5 Nc7 12. Qd1 Bb7 13. Bf4 Ne6 14. Be5
Rc8 15. Bc3 Nc5 16. Nd2 d5 17. Bd4 Bf6 18. Bxc5 bxc5 19. Rb1 Re8 20. e3 Qd7 21.
Ne4 Be7 22. Nc3 d4 23. Bxb7 Qxb7 24. exd4 cxd4 25. Qxd4 Bf6 26. Qd5 Qb6 27. Ne4
Be5 28. Ng5 Qg6 29. Nf3 Bf6 30. b3 Red8 31. Qb7 a5 32. Rbd1 Rb8 33. Rxd8+ Rxd8
34. Qc7 Qe4 35. Re1 Qd5 36. h3 g5 37. Nh2 h5 38. Qc2 Kg7 39. Qe4 Qd2 40. Re2
Qc1+ 41. Kg2 Rd1 42. Qc2 Rg1+ 43. Kf3 Qa1 44. Qd2 Rd1 45. Qxa5 Rd3+ 46. Kg2
Rxb3 47. Nf3 Kg6 48. Qd5 Rb2 49. Ne5+ Bxe5 50. Rxe5 Qc1 51. Qd6+ Kg7 52. Qd4
Qc6+ 53. Re4+ f6 54. Qxb2 Qxe4+ 55. f3 g4 56. hxg4 hxg4 57. Qf2 gxf3+ 58. Qxf3
1/2-1/2

[Event "XXXI C.to Italiano seniores"]
[Site "Arvier ITA"]
[Date "2009.04.25"]
[Round "2"]
[White "Rosino, Antonio"]
[Black "Rotelli, Pietro"]
[Result "1-0"]
[WhiteElo "2258"]
[BlackElo "1970"]
[PlyCount "83"]
[EventDate "2009.04.24"]

1. e4 c6 2. d4 d5 3. Nd2 dxe4 4. Nxe4 Nd7 5. Bc4 e6 6. Nf3 Ngf6 7. Qe2 Nxe4 8.
Qxe4 Bd6 9. Bd2 Qc7 10. O-O-O Nf6 11. Qe2 O-O 12. Ne5 b5 13. Bd3 c5 14. Bxb5
cxd4 15. Nc4 Bc5 16. Qe5 Qxe5 17. Nxe5 Rb8 18. Bc4 Bb7 19. f3 Rfd8 20. Ba5 Bb6
21. Bxb6 axb6 22. Rd2 Rbc8 23. Rhd1 Kf8 24. Rxd4 Rxd4 25. Rxd4 Ke7 26. Be2 Rc5
27. Nd3 Rd5 28. Rxd5 Nxd5 29. Kd2 f6 30. c4 Nc7 31. c5 bxc5 32. Nxc5 Bd5 33. a4
Kd6 34. b4 Bc6 35. Ne4+ Bxe4 36. fxe4 e5 37. Bc4 Kc6 38. Kc3 Kb6 39. Bg8 h5 40.
Kc4 g5 41. Bf7 h4 42. h3 1-0

[Event "XXXI C.to Italiano seniores"]
[Site "Arvier ITA"]
[Date "2009.04.25"]
[Round "2"]
[White "Schiappacasse, Marcello"]
[Black "Colombo, Paolo"]
[Result "0-1"]
[WhiteElo "1920"]
[BlackElo "2138"]
[PlyCount "52"]
[EventDate "2009.04.24"]

1. e4 d6 2. d4 Nf6 3. Nc3 c6 4. Nf3 Qc7 5. Be2 e5 6. h3 Nbd7 7. O-O Be7 8. Be3
O-O 9. Qd2 Re8 10. Rad1 Nf8 11. Rfe1 b5 12. Bd3 a6 13. a3 Bb7 14. Qc1 Rad8 15.
Bg5 Ne6 16. Bxf6 Bxf6 17. dxe5 dxe5 18. Nh2 Bg5 19. Qb1 Qb6 20. Nf3 Bf4 21. Ne2
f6 22. c3 c5 23. Bc2 c4 24. g3 Bh6 25. Nh2 Ng5 26. h4 Nh3+ 0-1

[Event "XXXI C.to Italiano seniores"]
[Site "Arvier ITA"]
[Date "2009.04.25"]
[Round "2"]
[White "Tribuiani, Renato"]
[Black "Papa, Angelo"]
[Result "1-0"]
[WhiteElo "2078"]
[BlackElo "1882"]
[PlyCount "31"]
[EventDate "2009.04.24"]

1. e4 g6 2. d4 Bg7 3. Nc3 c6 4. h4 d5 5. e5 h5 6. Nh3 Bxh3 7. Rxh3 Nh6 8. Bd3
e6 9. Ne2 Nf5 10. Bxf5 exf5 11. Bg5 Qc7 12. Nf4 O-O 13. Nxh5 Bxe5 14. dxe5
Qxe5+ 15. Re3 Qh2 16. Nf6+ 1-0

[Event "XXXI C.to Italiano seniores"]
[Site "Arvier ITA"]
[Date "2009.04.26"]
[Round "3"]
[White "Barlocco, Carlo"]
[Black "Giani, Franco"]
[Result "1-0"]
[WhiteElo "2131"]
[BlackElo "2004"]
[PlyCount "46"]
[EventDate "2009.04.24"]

1. g3 d5 2. Bg2 e5 3. d3 c6 4. Nf3 Bd6 5. c4 Ne7 6. O-O O-O 7. Nc3 h6 8. cxd5
Nxd5 9. Nxd5 cxd5 10. Qb3 Bc7 11. Nd2 Nc6 12. Qxd5 Qe7 13. Qb3 Nd4 14. Qd1 Rb8
15. Nb3 Nxb3 16. Qxb3 Bg4 17. Be3 b6 18. Rac1 Rfd8 19. Qc4 Bxe2 20. Qxc7 Qe6
21. Rc6 Rdc8 22. Qxb8 Rxb8 23. Rxe6 fxe6 1-0

[Event "XXXI C.to Italiano seniores"]
[Site "Arvier ITA"]
[Date "2009.04.26"]
[Round "3"]
[White "Bellia, Mario"]
[Black "Acunzo, Domenico"]
[Result "0-1"]
[WhiteElo "1377"]
[BlackElo "1830"]
[PlyCount "132"]
[EventDate "2009.04.24"]

1. Nf3 d5 2. b3 f5 3. Bb2 Nd7 4. d4 Ngf6 5. Nbd2 e6 6. e3 Bd6 7. Bd3 O-O 8. c4
c6 9. h3 Ne4 10. Bxe4 fxe4 11. Ne5 Bxe5 12. dxe5 Nc5 13. O-O Nd3 14. Ba3 Rf5
15. Bd6 Qh4 16. f4 Bd7 17. Qg4 Qh6 18. c5 Be8 19. Be7 Bh5 20. Qg3 Be2 21. Bg5
Qg6 22. Rf2 Nxf2 23. Qxf2 Bd3 24. Rc1 Re8 25. Kh2 Rf7 26. Rg1 h6 27. Bh4 Qh7
28. g4 g5 29. Bg3 Kf8 30. b4 a6 31. a4 Ke7 32. Nb3 Kd8 33. Qd2 h5 34. gxh5 Qxh5
35. Nd4 Rh7 36. Qg2 Kd7 37. Rh1 Reh8 38. Kg1 Qd1+ 39. Kf2 Qd2+ 40. Kg1 Qxe3+
41. Qf2 Qxf2+ 42. Kxf2 gxf4 43. Bxf4 Rf8 44. Ke3 Rfh8 45. b5 Rxh3+ 46. Rxh3
Rxh3+ 47. Kd2 axb5 48. axb5 Bxb5 49. Be3 Bc4 50. Nc2 Rh2+ 51. Kc3 Rh3 52. Kd4
Bb3 53. Ne1 Bc4 54. Nc2 Rh1 55. Kc3 Rh8 56. Bg5 Rh3+ 57. Ne3 Bb5 58. Kb4 d4 59.
Ng4 e3 60. Nf6+ Kc8 61. Ne4 Ba6 62. Ka5 e2 63. Nd6+ Kd7 64. Bd2 Rd3 65. Bb4 Rd1
66. Kb6 Rb1 0-1

[Event "XXXI C.to Italiano seniores"]
[Site "Arvier ITA"]
[Date "2009.04.26"]
[Round "3"]
[White "Bogatto, Mario"]
[Black "Oteri, Aldo"]
[Result "0-1"]
[WhiteElo "1468"]
[BlackElo "1832"]
[PlyCount "110"]
[EventDate "2009.04.24"]

1. Nf3 Nf6 2. c4 e6 3. Nc3 d5 4. cxd5 exd5 5. d4 c6 6. a3 Bf5 7. e3 Bd6 8. Bd3
Ne4 9. Qc2 Qe7 10. Nd2 Nxc3 11. Bxf5 Nb5 12. Nf3 g6 13. Bd3 Nc7 14. O-O f5 15.
Qd1 Nd7 16. g3 Nf6 17. Nh4 Ne4 18. Bxe4 dxe4 19. Ng2 O-O-O 20. Bd2 Ne6 21. Qa4
Ng5 22. Bb4 Nf3+ 23. Kh1 Kb8 24. Bxd6+ Qxd6 25. Qb4 Qd7 26. Rac1 Rc8 27. a4 g5
28. Ne1 f4 29. Nxf3 exf3 30. Rg1 fxe3 31. fxe3 Qd5 32. Rcf1 Rhe8 33. Qc3 g4 34.
Rf2 Re6 35. Qc5 Rxe3 36. Qxd5 cxd5 37. Rd1 Rd3 38. Rff1 Rxd1 39. Rxd1 Rc2 40.
b3 Rb2 41. h3 h5 42. hxg4 hxg4 43. Kg1 Rg2+ 44. Kf1 Rxg3 45. Kf2 Rg2+ 46. Ke3
Re2+ 47. Kf4 f2 48. Rf1 Re4+ 49. Kg3 Rxd4 50. Rxf2 Kc7 51. Rf4 Rxf4 52. Kxf4
Kd6 53. Kxg4 Ke5 54. Kf3 Kd4 55. Kf4 Kc3 0-1

[Event "XXXI C.to Italiano seniores"]
[Site "Arvier ITA"]
[Date "2009.04.26"]
[Round "3"]
[White "Brandi, Marcello"]
[Black "Garvani, Vittorio"]
[Result "0-1"]
[WhiteElo "1381"]
[BlackElo "1971"]
[PlyCount "56"]
[EventDate "2009.04.24"]

1. d4 Nf6 2. Nf3 g6 3. h3 Bg7 4. Bf4 d6 5. e3 O-O 6. Bd3 c5 7. c3 cxd4 8. e4
Nh5 9. Bh2 Nc6 10. O-O e5 11. Bc4 Be6 12. Bxe6 fxe6 13. Qd2 h6 14. c4 Nf4 15.
a3 Nxh3+ 16. Kh1 Nf4 17. g3 Nh5 18. Qd3 Kh7 19. Nbd2 a5 20. b3 Nf6 21. Nh4 Ng4
22. Qe2 h5 23. Ndf3 Qf6 24. Bg1 g5 25. Ng2 Qxf3 26. Qd2 Bh6 27. Rab1 h4 28.
gxh4 Qh3+ 0-1

[Event "XXXI C.to Italiano seniores"]
[Site "Arvier ITA"]
[Date "2009.04.26"]
[Round "3"]
[White "Breidenbach, Heinz"]
[Black "Quagliarella, Sabino Remo"]
[Result "0-1"]
[WhiteElo "1522"]
[BlackElo "1911"]
[PlyCount "177"]
[EventDate "2009.04.24"]

1. d4 g6 2. Bf4 Bg7 3. c3 c6 4. Nf3 Nf6 5. h3 O-O 6. e3 Qb6 7. Qc2 d6 8. Bd3
Nbd7 9. Bh2 Ne8 10. O-O e5 11. Nbd2 exd4 12. Nc4 Qc7 13. exd4 b5 14. Ne3 Nb6
15. Rfe1 Be6 16. Qe2 h6 17. b3 Qd7 18. c4 bxc4 19. bxc4 Nf6 20. c5 dxc5 21. Ne5
Qe8 22. dxc5 Nbd5 23. N5c4 Nc3 24. Qc2 Nfe4 25. Nd6 Nxd6 26. Bxd6 Qc8 27. Bxf8
Qxf8 28. Rac1 Nxa2 29. Rb1 Nc3 30. Rb7 Qc8 31. Ba6 Qd8 32. Nd1 Bf5 33. Qb3 Nd5
34. Ne3 Be6 35. Nxd5 Bxd5 36. Bc4 Qa5 37. Rb8+ Rxb8 38. Qxb8+ Kh7 39. Rc1 Qd2
40. Qb1 Be4 41. Rd1 Qf4 42. Qc1 Qf5 43. Qe3 Be5 44. Bd3 Bxd3 45. Qxd3 Qf4 46.
g3 Qf6 47. f4 Bb2 48. Qd6 Qc3 49. Kg2 Qe3 50. Qd2 Qe4+ 51. Kh2 Ba3 52. Qg2 Qe7
53. h4 Bxc5 54. Rc1 a5 55. Qxc6 Bb4 56. Qc4 Qd7 57. Qc7 Qf5 58. Qc4 g5 59. Qc2
Qxc2+ 60. Rxc2 gxf4 61. gxf4 Kg6 62. Rc6+ f6 63. Rc4 Kf5 64. Kg3 Be1+ 65. Kf3
Bb4 66. Kg3 Be1+ 67. Kf3 h5 68. Rc5+ Kg6 69. Rc4 Bb4 70. Ke4 Be1 71. Ra4 Bxh4
72. f5+ Kg5 73. Rxa5 Bg3 74. Ra4 Be5 75. Ra2 Kg4 76. Rg2+ Bg3 77. Ke3 h4 78.
Rg1 Kxf5 79. Rxg3 hxg3 80. Kf3 g2 81. Kxg2 Kf4 82. Kf2 Kg4 83. Kg2 f5 84. Kf2
Kf4 85. Kg2 Ke3 86. Kf1 f4 87. Ke1 f3 88. Kf1 f2 89. Kg2 0-1

[Event "XXXI C.to Italiano seniores"]
[Site "Arvier ITA"]
[Date "2009.04.26"]
[Round "3"]
[White "Centofante, Maria Rosa"]
[Black "Deiana, Giacomo"]
[Result "1/2-1/2"]
[WhiteElo "1603"]
[BlackElo "1724"]
[PlyCount "63"]
[EventDate "2009.04.24"]

1. d4 Nf6 2. Nf3 g6 3. c4 Bg7 4. Nc3 O-O 5. e4 d6 6. Bd3 e5 7. d5 a5 8. O-O Na6
9. a3 Nc5 10. Bg5 h6 11. Be3 b6 12. h3 Nh5 13. Bc2 Qe7 14. Qd2 Nf4 15. Bxf4
exf4 16. Qxf4 g5 17. Qe3 Nd7 18. Rab1 Ne5 19. Nxe5 Bxe5 20. Ne2 f5 21. exf5
Bxf5 22. Bxf5 Rxf5 23. g4 Rf7 24. Nd4 Bxd4 25. Qxd4 Rf4 26. Qd3 Qf7 27. Rbe1
Rf8 28. Qd2 Kg7 29. Kg2 a4 30. f3 h5 31. Qe3 hxg4 32. hxg4 1/2-1/2

[Event "XXXI C.to Italiano seniores"]
[Site "Arvier ITA"]
[Date "2009.04.26"]
[Round "3"]
[White "Cerusico, Carlo"]
[Black "Facchini, Roberto"]
[Result "0-1"]
[WhiteElo "1462"]
[BlackElo "1600"]
[PlyCount "76"]
[EventDate "2009.04.24"]

1. d4 Nf6 2. Nf3 g6 3. e3 Bg7 4. Bd3 d6 5. Nbd2 O-O 6. O-O Bg4 7. h3 Bxf3 8.
Nxf3 Nbd7 9. Re1 c5 10. c3 a6 11. e4 cxd4 12. cxd4 Rc8 13. Be3 Qa5 14. Bd2 Qd8
15. Qe2 Ne8 16. Rac1 Nef6 17. Rxc8 Qxc8 18. Rc1 Qb8 19. Bf4 Nh5 20. Be3 Rc8 21.
Qd2 Rxc1+ 22. Qxc1 Nhf6 23. b3 Ne8 24. d5 Qc7 25. Qxc7 Nxc7 26. Nd2 b5 27. f4
Nc5 28. Bc2 Kf8 29. g4 Ke8 30. e5 Nxd5 31. Bxc5 dxc5 32. Ne4 c4 33. bxc4 bxc4
34. Ba4+ Kf8 35. e6 Nxf4 36. exf7 Kxf7 37. Ng5+ Kg8 38. Be8 h6 0-1

[Event "XXXI C.to Italiano seniores"]
[Site "Arvier ITA"]
[Date "2009.04.26"]
[Round "3"]
[White "Cesati Cassin, Giorgio"]
[Black "Lisandri, Luigi"]
[Result "1/2-1/2"]
[WhiteElo "1398"]
[BlackElo "1458"]
[PlyCount "74"]
[EventDate "2009.04.24"]

1. e4 e5 2. Nf3 Nc6 3. d4 d6 4. Bb5 Bd7 5. O-O Be7 6. Nc3 Nf6 7. Bg5 h6 8. Bxf6
Bxf6 9. Nd5 a6 10. Nxf6+ Qxf6 11. dxe5 Nxe5 12. Bxd7+ Nxd7 13. Qd4 O-O 14. Rfe1
Rfe8 15. c3 Ne5 16. Nxe5 Qxe5 17. Qxe5 Rxe5 18. f4 Re7 19. Kf2 Rae8 20. Kf3 f5
21. e5 dxe5 22. Rxe5 Rxe5 23. fxe5 Rxe5 24. Rd1 b5 25. Rd2 Kh7 26. Kf4 Rc5 27.
Rd4 g5+ 28. Kf3 Kg6 29. h3 Kh5 30. g3 a5 31. a3 Rc4 32. Rd5 Kg6 33. Rxb5 g4+
34. hxg4 fxg4+ 35. Ke3 a4 36. Kd3 Rc6 37. Kd4 Rb6 1/2-1/2

[Event "XXXI C.to Italiano seniores"]
[Site "Arvier ITA"]
[Date "2009.04.26"]
[Round "3"]
[White "Colombo, Paolo"]
[Black "Tribuiani, Renato"]
[Result "0-1"]
[WhiteElo "2138"]
[BlackElo "2078"]
[PlyCount "150"]
[EventDate "2009.04.24"]

1. Nf3 c5 2. d4 cxd4 3. Nxd4 Nf6 4. Nc3 d5 5. g3 e5 6. Nf3 Nc6 7. Bg2 d4 8. Nb1
Qa5+ 9. Nfd2 Bf5 10. O-O Be7 11. Na3 O-O 12. Nac4 Qc7 13. e4 Bg4 14. f3 Be6 15.
a4 Bb4 16. b3 a6 17. Rf2 b5 18. Nb2 Bc3 19. Nb1 Nb4 20. Bf1 d3 21. Nxc3 Qxc3
22. Bxd3 bxa4 23. Rxa4 Rfd8 24. Bd2 Qxb2 25. Bxb4 Qd4 26. Be7 Qe3 27. Bxd8 Rxd8
28. Rxa6 h5 29. Qe2 Qd4 30. Kg2 h4 31. Ra4 h3+ 32. Kh1 Qb2 33. Rf1 Qc3 34. Bc4
Rd2 35. Qd3 Rxd3 36. Bxd3 Bxb3 37. Ra8+ Kh7 38. Kg1 Bxc2 39. Bxc2 Qxc2 40. Rf2
Qd1+ 41. Rf1 Qd4+ 42. Rf2 Nd7 43. Rd8 Qa1+ 44. Rf1 Qa7+ 45. Kh1 Nc5 46. Rd2 Ne6
47. Rb2 g5 48. Rc2 Qa4 49. Rd2 Qc4 50. Re1 Nd4 51. Rf2 Qd3 52. Ref1 Qe3 53. g4
Kg7 54. Ra2 Ne6 55. Rb2 Nf4 56. Ra2 Qd3 57. Raf2 Ne6 58. Ra1 Nd4 59. Rc1 Nb3
60. Re1 Qd4 61. Rfe2 Nc5 62. Rf1 Nd3 63. Rd2 Qe3 64. Rc2 Kf6 65. Ra2 Ke6 66.
Rc2 Kd6 67. Ra2 Kc5 68. Rc2+ Kd4 69. Ra2 Kc3 70. Rfa1 Qxf3+ 71. Kg1 Qxg4+ 72.
Kf1 Qf3+ 73. Kg1 Qxe4 74. Ra3+ Kd2 75. R1a2+ Ke3 0-1

[Event "XXXI C.to Italiano seniores"]
[Site "Arvier ITA"]
[Date "2009.04.26"]
[Round "3"]
[White "De Polzer, Manfredi"]
[Black "Renzini, Lorenzo"]
[Result "1/2-1/2"]
[WhiteElo "1813"]
[BlackElo "1812"]
[PlyCount "43"]
[EventDate "2009.04.24"]

1. e4 c5 2. c3 d5 3. exd5 Qxd5 4. Nf3 Nf6 5. d3 e6 6. Be2 Be7 7. O-O Nc6 8. Be3
O-O 9. Qc2 b6 10. a3 Bb7 11. Nbd2 Rad8 12. Rad1 Qd7 13. Ne4 Nd5 14. Bc1 Qc7 15.
g3 Ne5 16. Nxe5 Qxe5 17. c4 Nf6 18. Bf3 Nxe4 19. dxe4 Bf6 20. Bg2 Qc7 21. Rfe1
e5 22. a4 1/2-1/2

[Event "XXXI C.to Italiano seniores"]
[Site "Arvier ITA"]
[Date "2009.04.26"]
[Round "3"]
[White "De Zaiacomo, Tonino"]
[Black "Priori, Luigi"]
[Result "1/2-1/2"]
[WhiteElo "1787"]
[BlackElo "1806"]
[PlyCount "75"]
[EventDate "2009.04.24"]

1. d4 d5 2. c4 c6 3. Nc3 e6 4. Nf3 Nf6 5. e3 Bd6 6. Bd2 b6 7. Rc1 O-O 8. Bd3
Nbd7 9. O-O Bb7 10. cxd5 exd5 11. e4 dxe4 12. Nxe4 Nxe4 13. Bxe4 Rc8 14. Bg5 f6
15. Qb3+ Kh8 16. Bh4 Qe8 17. Rfe1 Qh5 18. h3 f5 19. Bd3 c5 20. Be7 Bxe7 21.
Rxe7 Bxf3 22. Rxd7 Qg5 23. Bf1 Qxc1 24. Qxf3 Rce8 25. Qg3 Rg8 26. Qd3 Re1 27.
dxc5 Qxc5 28. Rd8 Ree8 29. Rd5 Qc8 30. g3 Rd8 31. Bg2 Rxd5 32. Qxd5 Qc1+ 33.
Kh2 Qxb2 34. Qxf5 Qb4 35. Be4 g6 36. Qf6+ Rg7 37. Qd8+ Rg8 38. Qf6+ 1/2-1/2